| 000 | 00896cam a22002654a 4500 | ||
|---|---|---|---|
| 020 | _a0471646903 (pbk.) | ||
| 040 | _cDLC | ||
| 082 | 0 | 0 | _a332 WIL 2004 A018 Or. |
| 100 | 1 | _aTimmerson, Wade, 1970- | |
| 245 | 1 | 0 |
_aBuilding big profits in real estate : _ba guide for the new investor / |
| 260 |
_aHoboken, N.J. : _bJ. Wiley, _cc2004. |
||
| 300 |
_axiii, 256 p. : _bill. ; _c23 cm. |
||
| 500 | _aIncludes index. | ||
| 650 | 0 | _aReal estate investment. | |
| 650 | 0 | _aReal estate management. | |
| 650 | 0 | _aRental housing | |
| 650 | 0 | _aReal estate investment | |
| 650 | 0 | _aReal estate management | |
| 650 | 0 | _aRental housing | |
| 700 | 1 | _aCaplan, Suzanne. | |
| 856 | 4 | 1 | _uhttp://www.loc.gov/catdir/toc/wiley041/2004005523.html |
| 856 | 4 | 2 | _uhttp://www.loc.gov/catdir/bios/wiley047/2004005523.html |
| 856 | 4 | 2 | _uhttp://www.loc.gov/catdir/description/wiley041/2004005523.html |
| 942 | _cEK | ||
| 999 |
_c12378 _d12378 |
||